|
|
|
|
| LEADER |
00000nam0a2200000 4500 |
| 001 |
48718 |
| 005 |
20231031032246.0 |
| 035 |
|
|
|a (RuTPU)RU\TPU\book\51020
|
| 090 |
|
|
|a 48718
|
| 100 |
|
|
|a 20030320d1979 m y0rusy50 ca
|
| 101 |
0 |
|
|a rus
|
| 102 |
|
|
|a RU
|
| 105 |
|
|
|a a j 001zy
|
| 200 |
1 |
|
|a Руководство к решению задач по прикладной механике
|e учебное пособие
|f Н. А. Чиченев, Е. А. Свистунов
|
| 210 |
|
|
|a Москва
|c Машиностроение
|d 1979
|
| 215 |
|
|
|a 80 с.
|c ил.
|
| 320 |
|
|
|a Библиогр.: с. 80.
|
| 610 |
1 |
|
|a прикладная механика
|
| 610 |
1 |
|
|a задачи
|
| 610 |
1 |
|
|a решение
|
| 610 |
1 |
|
|a расчеты
|
| 675 |
|
|
|a 621.01:531(076)
|v 3
|
| 700 |
|
1 |
|a Чиченев
|b Н. А.
|g Николай Алексеевич
|
| 701 |
|
1 |
|a Свистунов
|b Е. А.
|g Евгений Алексеевич
|
| 801 |
|
1 |
|a RU
|b 63413507
|c 20030320
|g PSBO
|
| 801 |
|
2 |
|a RU
|b 63413507
|c 20220221
|g PSBO
|
| 942 |
|
|
|c BK
|